College Football Rivalry Games - Statistics

General Stats
  • This quiz has been taken 61 times
  • The average score is 46 of 74
Answer Stats
Hint Answer % Correct
Keystone Classic North Carolina
95%
Southwest Classic South Carolina
93%
Bedlam Series Michigan
91%
The Game Ohio State
91%
The Civil War Oklahoma
91%
Backyard Brawl Auburn
89%
World's Largest Outdoor Cocktail Party Washington
89%
Deep South's Oldest Rivalry Washington State
89%
Legends Trophy Nevada
85%
Territorial Cup Notre Dame
84%
Iron Bowl Alabama
82%
Egg Bowl Oklahoma State
82%
The Big Game Mississippi
80%
Crab Bowl Classic Pittsburgh
80%
Rumble in the Rockies UNLV
80%
War on I-4 Georgia
78%
Iowa
78%
Governor's Cup Iowa State
78%
Sunflower Showdown West Virginia
78%
Clean, Old-Fashioned Hate Georgia Tech
76%
Third Saturday in October LSU
76%
The Keg of Nails Minnesota
76%
The Holy War Mississippi State
76%
Palmetto Bowl Utah
76%
Battle for Nevada Kansas State
75%
The Little Brown Jug Kansas
71%
The Border War Oregon
71%
Magnolia Bowl Oregon State
71%
Apple Cup Texas
71%
Iron Skillet Colorado
69%
Heroes Trophy Colorado State
69%
Land of Lincoln Trophy Michigan State
69%
The Jeweled Shillelagh BYU
67%
Illinois
67%
Shillelagh Trophy Miami (FL)
67%
South's Oldest Rivalry Missouri
67%
The Old Oaken Bucket Navy
67%
Textile Bowl Virginia
67%
The Bourbon Barrel Army
64%
Heartland Trophy Virginia Tech
64%
Farmageddon Wisconsin
64%
Tiger Bowl Clemson
60%
Red River Showdown Florida
60%
Florida State
60%
Megaphone Trophy Penn State
60%
The Paul Bunyan Trophy Stanford
58%
The Cy-Hawk Trophy California
56%
The Old Brass Spittoon Maryland
56%
Commonwealth Cup Indiana
55%
Land Grant Trophy Tennessee
55%
Battle of I-75 Arkansas
53%
Northwestern
53%
Friends of Coal Bowl Purdue
53%
Marshall
51%
The Golden Boot USC
51%
Utah State
49%
Nebraska
47%
Sunshine Showdown Louisville
44%
Black and Blue Bowl Kentucky
42%
Paul Bunyan's Axe UCF
42%
The Ireland Trophy South Florida
40%
The A___/N___ Game (The Thompson Cup) Texas A&M
40%
Illibuck Trophy Boston College
35%
Civil Conflict NC State
35%
SMU
33%
TCU
33%
Rocky Mountain Showdown Cincinnati
31%
Memphis
31%
Southern Miss
31%
Catholics vs. Conflicts Arizona
29%
Battle of the Carolinas Arizona State
29%
Battle of the Brothers Bowling Green
27%
Floyd of Rosedale Toledo
27%
Connecticut
20%
No matching quizzes found
Score Distribution
Percent of People with Each Score
Percentile by Number Answered
Your Score History
You have not taken this quiz